Startup ecosystem to expect smart progress
Gespeichert in:
| 1. Verfasser: | |
|---|---|
| Format: | Buchkapitel |
| Sprache: | Englisch |
| Schlagworte: | |
| Tags: |
Keine Tags, Fügen Sie das erste Tag hinzu!
|
MARC
| LEADER | 00000nla a2200000 4500 | ||
|---|---|---|---|
| 001 | 0214740 | ||
| 005 | 20240502073605.0 | ||
| 041 | 0 | |a eng | |
| 044 | |a SK | ||
| 245 | 1 | 0 | |a Startup ecosystem to expect smart progress |c Peter Adamovský |
| 610 | 2 | 0 | |a Slovensko |
| 610 | 2 | 0 | |a start-up |
| 610 | 2 | 0 | |a stratégia podnikateľská |
| 610 | 2 | 0 | |a zámery podnikateľské |
| 610 | 2 | 0 | |a podnikatelia |
| 610 | 2 | 0 | |a konkurencia |
| 100 | 1 | |a Adamovský, Peter, 1990- | |